000 00626nam a2200229Ia 4500
005 20250108124938.0
008 008 250107s9999 xx 000 0 eng d
020 _a81-88858-55-2
037 _aTB
040 _aCRL
_beng
_cCRL
041 _aeng
_2eng
084 _aP15 M5
084 _qCRL
100 _aGill Manohar Singh Au.
_9730121
245 0 _aHimalayan wonderland: travels in labaul and spiti
_cGill Manohar Singh Au.
260 _aNew Delhi, India
_bPenguin Viking
_c2770
300 _axx,268p.
365 _aINR
_b300
650 _aGEOGRAPHY
942 _cTB
_hP15 M5
999 _c1235158
_d1235158